000 00423nam a2200181Ia 4500
001 16735
005 20260306170332.0
008 260306t2022||||xx |||||||||||||| ||und||
041 _aESP
082 _a349.72
_bP21
100 _aPalomino Lozano, Rafael,
_eAUT
245 0 _aDerecho y religiones
260 _c2022
300 _a264 páginas :
_c24 cm.
650 _aGEN
654 _aCDE
942 _cLIB
_dJUS
_fJUS
_2ddc
_n
999 _c16735
_d16735